000 00719nam a2200253Ia 4500
003 OSt
005 20220925220500.0
006 a|||||r|||| 00| 0
007 ta
008 220923b |||||||| |||| 00| 0 eng d
020 _a0333367405
037 _cGeneral Book
040 _aRTL
_cRTL
_beng
041 _2eng
_aeng
082 _aX.41.N8, M4
100 _aBhalla A S
_936596
245 0 _aEconomic transition in Human and Southern China
260 _aLondon
_bMacmillan
_c1984
300 _axix,198p.
_ccm.
500 _aBibliography: P 178-190; Appendix: P138-163
650 _aEconomic Conditions China
942 _hX.41.N8, M4
_cGB
_2CC
999 _c571623
_d571623